| 000 | 00810cam a22002773a 4500 | ||
|---|---|---|---|
| 001 | 38421 | ||
| 003 | PGUSA | ||
| 005 | 20140828083840.0 | ||
| 008 | 111227s2011||||xxu|||||s|||||000 1 eng d | ||
| 040 |
_aPGUSA _beng |
||
| 042 | _adc | ||
| 050 | 4 | _aPZ | |
| 100 | 1 |
_aHudson, W. H. _q(William Henry), _d1841-1922 |
|
| 245 | 1 | 2 |
_aA Little Boy Lost _h[electronic resource] / _cW. H. Hudson |
| 260 |
_bProject Gutenberg, _c2011 |
||
| 506 | _aPublic domain in the USA. | ||
| 516 | _aElectronic text | ||
| 653 | _aBoys -- Juvenile fiction | ||
| 653 | _aNature -- Juvenile fiction | ||
| 653 | _aFantasy | ||
| 653 | _aSelf-reliance -- Juvenile fiction | ||
| 700 | 1 |
_aLathrop, Dorothy Pulis, _d1891-1980 |
|
| 830 | 0 |
_aProject Gutenberg _v38421 |
|
| 856 | 4 | 0 | _uhttp://www.gutenberg.org/ebooks/38421 |
| 942 | _cEB | ||
| 999 |
_c267675 _d267675 |
||